| 000 | 00424nam a2200169Ia 4500 | ||
|---|---|---|---|
| 008 | 210210b2002 xxu||||| |||| 00| 0 eng d | ||
| 020 | _a81 7099 823 9 | ||
| 082 | _a543.089 SINC | ||
| 100 | _aSINGH (Rajbir). | ||
| 245 | _aChromatography. Ed 1. | ||
| 250 | _a | ||
| 260 |
_aNew Delhi. _bMittal Publications., _c2002 |
||
| 300 | _a197 | ||
| 650 | _aChromatography | ||
| 690 | _aAnalytical Chemistry | ||
| 906 | _a057385 | ||
| 999 |
_c104811 _d104811 |
||